000 01358cam a2200337 i 4500
001 BK0026000588
005 20200904165925.0
008 200421s2020 nyua j 000 1 eng d
010 _abl2020009799
020 _a9781419749094 : HRD
_c14.99
020 _a1419749099 : HRD
_c14.99
037 _bHarry N Abrams Inc, C/O Hachette Book Group USA 121 N Enterprise Blvd, Lebanon, IN, USA, 46025-8193
_nSAN 200-2205
040 _aNjBwBT
_beng
_cNjBwBT
_erda
_dGCmBT
_dNjBwBT
050 1 4 _aPZ7.K6232
_bRow 2020
082 0 4 _a[Fic]
_223
092 _aFIC
100 1 _aKinney, Jeff,
_eauthor,
_eillustrator.
_96372597
245 1 0 _aRowley Jefferson's awesome friendly adventure /
_cby Jeff Kinney.
246 3 0 _aAwesome friendly adventure
264 1 _aNew York :
_bAmulet Books,
_c2020.
300 _a217 pages :
_billustrations ;
_c22 cm
336 _atext
337 _aunmediated
338 _avolume
520 _aRowley Jefferson, Greg Heffley's best friend, tells the story of "Roland the Kind" and "Garg the Barbarian" and their quest to vanquish the evil White Warlock.
600 1 1 _aHeffley, Greg
_vFiction.
_95723798
650 1 _aBest friends
_vFiction.
_95675106
650 1 _aFriendship
_vFiction.
_95673769
650 1 _aHumorous stories.
_96372598
650 1 _aAdventure and adventurers
_vFiction.
_9102533
999 _c352307
_d352307